BIBLIOTHÈQUE DE LA MAISON DU MEXIQUE

Logo 1 Logo 2

3 [tres] grandes músicos mexicanos (notice nᵒ 12110)

détails MARC
000 -Sello discográfico
campo de control de longitud fija 00858nam a2200289 4500
005 - Identificación de versión
campo de control 20251016083542.0
035 ## - Otros números de control del sistema
Número de control del sistema 3981
099 ## - fechas locales
Tipo de ítem Koha LIBRO
100 ## - Datos de procesamiento general
Datos de procesamiento general 19930801d1949 m y1spay5003 ba
105 ## - Campo de datos codificados: Material textual, monográfico
Datos codificados de monografía a 001zy
200 1# - Título y mención de responsabilidad
Título propio 3 [tres] grandes músicos mexicanos
Designación general del material texto impreso
Primer mención de responsabilidad Alfonso Pruneda
210 ## - Publicación, distribución, etc.
Lugar de publicación, distribución, etc. México
Nombre del editor, distribuidor, etc. Imprenta Universitaria
Fecha de publicación, distribución, etc. 1949
215 ## - Descripción física
Designación de material específico y extensión del ítem 26 p
Otras características físicas il.
Dimensiones 23 cm
345 ## - Nota de información de adquisición
Fuente de adquisición/dirección de la suscripción [OBSOLETO] Donación
600 ## - Nombre personal usado como materia
Elemento de entrada Campa
Parte del nombre distinta del elemento de entrada Gustavo E
Fechas 1863-1934
Número Koha 18726
600 ## - Nombre personal usado como materia
Elemento de entrada Castro Herrera
Parte del nombre distinta del elemento de entrada Ricardo
Fechas 1864-1907
Número Koha 18727
600 ## - Nombre personal usado como materia
Elemento de entrada Meneses
Parte del nombre distinta del elemento de entrada Carlos Julio
Fechas 1863-1929
Número Koha 18728
660 ## - Código de área geográfica
Código MX
700 ## - Nombre personal - Responsabilidad primaria
Elemento de entrada Pruneda
Parte del nombre distinta del elemento de entrada Alfonso
Fechas 1879-1957
Número Koha 7191
801 #0 - Fuente de origen
Agencia cm
900 ## -
-- 1/8840
900 ## -
-- 710934500\\010893
942 ## - ELEMENTOS DE ENTRADA SECUNDARIOS (KOHA)
Tipo de ítem Koha Livre
996 ## -
-- MEX
-- 751145101
-- MMAG
-- 002931
-- 927.8 M543P
-- 20200219LIV
Exemplaires
Estatus retirado Estado de daño Estado de pérdida Fecha de adquisición Biblioteca de origen Biblioteca actual Ubicación en estantería Código de barras Precio de reemplazo Signatura topográfica completa No para préstamo Tipo de ítem Koha Nota pública Nota no pública
      05/08/2025 Casa México Paris Casa México Paris   002931 05/08/2025 927.8 M543P   Livre 20200219LIV 751145101